[Event "NOR-ch Rapid"]
[Site "Bergen"]
[Date "2024.01.14"]
[Round "8"]
[White "Vestby Ellingsen, Mads"]
[Black "Larsen, Martin Halsvik"]
[Result "1-0"]
[WhiteElo "2329"]
[BlackElo "1936"]
[PlyCount "121"]
[EventDate "2024.01.13"]
[EventType "swiss (rapid)"]
[EventRounds "10"]
[EventCountry "NOR"]
[SourceTitle "CBM 218 Extra"]
[Source "ChessBase"]
[SourceDate "2024.03.31"]
[SourceVersion "1"]
[SourceVersionDate "2024.03.31"]
[SourceQuality "1"]

1. d4 d5 2. c4 Nf6 3. cxd5 Nxd5 4. Nf3 g6 5. e4 Nf6 6. Nc3 Bg7 7. Bc4 c6 8. h4 b5 9. Bd3 Bg4 10. Be3 0-0 11. Qd2 Nbd7 12. e5 b4 13. Ne4 Nd5 14. Bh6 f5 15. Bxg7 fxe4 16. Bxf8 exd3 17. Bh6 Bf5 18. h5 c5 19. hxg6 Bxg6 20. Nh4 Qb6 21. Nxg6 Qxg6 22. Rh3 Kf7 23. Qxd3 cxd4 24. Qxd4 Ke6 25. Rc1 Nxe5 26. Kf1 Rg8 27. g3 Qf5 28. Kg2 Qf3+ 29. Kg1 Qf5 30. Re1 Kd6 31. Rxe5 Qxe5 32. Be3 Qf5 33. Rh6+ e6 34. Qc5+ Ke5 35. Qd4+ Kd6 36. Qc5+ Ke5 37. Rh4 Rg4 38. Rxg4 Qxg4 39. Qxa7 h5 40. Qb8+ Kf6 41. Qh8+ Kf5 42. Qh7+ Ke5 43. Ba7 Nf6 44. Qc7+ Kf5 45. Qc2+ Ne4 46. Kf1 Qf3 47. Kg1 h4 48. Qc4 h3 49. Qf1 Kg4 50. Kh2 Ng5 51. Be3 e5 52. Bxg5 Kxg5 53. Kxh3 e4 54. Qb5+ Kg6 55. Qc6+ Kg7 56. Qd7+ Kf6 57. Qd6+ Kg7 58. Qe5+ Kh7 59. Qf4 Qe2 60. Qh4+ Kg6 61. Qg4+ 1-0

[Event "Sortland CC-ch"]
[Site "Sortland"]
[Date "2017.04.25"]
[Round "5"]
[White "Larsen, Martin Halsvik"]
[Black "Walter, Werner"]
[Result "1-0"]
[WhiteElo "2029"]
[BlackElo "1669"]
[PlyCount "75"]
[EventDate "2017.03.21"]
[EventType "swiss"]
[EventRounds "6"]
[EventCountry "NOR"]
[SourceTitle "EXT 2024"]
[Source "ChessBase"]
[SourceDate "2023.10.10"]
[SourceVersion "1"]
[SourceVersionDate "2023.10.10"]
[SourceQuality "1"]

1. e4 e6 2. d4 d5 3. e5 c5 4. c3 Nc6 5. Nf3 Be7 6. Bd3 c4 7. Bc2 Bd7 8. b3 b5 9. 0-0 Qc8 10. Re1 h5 11. Ng5 h4 12. Qf3 Nh6 13. Qh5 Kf8 14. bxc4 bxc4 15. Nh7+ Kg8 16. Bxh6 Rxh7 17. Bxh7+ Kxh7 18. Bg5+ Kg8 19. Qxh4 Qe8 20. Bxe7 Nxe7 21. Nd2 Ng6 22. Qg3 Ba4 23. Rab1 Qc6 24. Rb2 Kf8 25. Reb1 Rc8 26. f4 Ne7 27. Qh4 Ng8 28. Rb7 Bc2 29. R1b4 Qa6 30. Rc7 Bg6 31. Rbb7 Re8 32. Rxa7 Qb6 33. Rcb7 Qc6 34. a4 Nh6 35. g4 Kg8 36. Nf1 Rf8 37. Qg5 Qe8 38. Qxg6 1-0

[Event "Narvik Rallarsjakken A"]
[Site "Narvik"]
[Date "2014.04.04"]
[Round "3"]
[White "Larsen, Martin Halsvik"]
[Black "Keadana, Amir"]
[Result "1-0"]
[WhiteElo "2059"]
[BlackElo "1636"]
[PlyCount "51"]
[EventDate "2014.04.04"]
[EventType "swiss"]
[EventRounds "5"]
[EventCountry "NOR"]
[SourceTitle "EXT 2024"]
[Source "ChessBase"]
[SourceDate "2023.10.10"]
[SourceVersion "1"]
[SourceVersionDate "2023.10.10"]
[SourceQuality "1"]

1. e4 e6 2. d4 d5 3. e5 c5 4. c3 Nc6 5. Nf3 cxd4 6. cxd4 Nge7 7. Nc3 Qb6 8. Bd3 Bd7 9. Nb5 Nxe5 10. Nd6+ Qxd6 11. dxe5 Qc7 12. 0-0 Nc6 13. Bf4 Be7 14. Rc1 Qb6 15. b3 Nb4 16. Bb1 0-0 17. Ng5 h6 18. Nh7 Rfc8 19. Rxc8+ Rxc8 20. Bxh6 gxh6 21. Qg4+ Kh8 22. Qf4 Kg7 23. Nf6 Qd8 24. Nh5+ Kf8 25. Qxh6+ Ke8 26. Ng7+ 1-0

[Event "Narvik Rallarsjakken A"]
[Site "Narvik"]
[Date "2014.04.04"]
[Round "2"]
[White "Larsen, Martin Halsvik"]
[Black "Skagseth, Havard M"]
[Result "0-1"]
[WhiteElo "2059"]
[BlackElo "1922"]
[PlyCount "52"]
[EventDate "2014.04.04"]
[EventType "swiss"]
[EventRounds "5"]
[EventCountry "NOR"]
[SourceTitle "EXT 2024"]
[Source "ChessBase"]
[SourceDate "2023.10.10"]
[SourceVersion "1"]
[SourceVersionDate "2023.10.10"]
[SourceQuality "1"]

1. e4 c5 2. Nf3 d6 3. Bc4 Nf6 4. Nc3 e6 5. e5 dxe5 6. Nxe5 Bd6 7. Ng4 a6 8. d3 b5 9. Nxf6+ Qxf6 10. Ne4 Qe7 11. Qg4 Be5 12. Qh5 Nd7 13. Bb3 Bb7 14. Bg5 Nf6 15. Bxf6 gxf6 16. c3 Rd8 17. Bc2 Bxe4 18. dxe4 0-0 19. 0-0 Kh8 20. f4 Bc7 21. Rf3 Rg8 22. Qh4 Rd2 23. Rf2 Qd8 24. Raf1 c4 25. Rxd2 Qxd2 26. Qf2 Bb6 0-1

[Event "Narvik Rallarsjakken A"]
[Site "Narvik"]
[Date "2014.04.04"]
[Round "1"]
[White "Pettersen, Magnor"]
[Black "Larsen, Martin Halsvik"]
[Result "1/2-1/2"]
[WhiteElo "1706"]
[BlackElo "2059"]
[PlyCount "88"]
[EventDate "2014.04.04"]
[EventType "swiss"]
[EventRounds "5"]
[EventCountry "NOR"]
[SourceTitle "EXT 2024"]
[Source "ChessBase"]
[SourceDate "2023.10.10"]
[SourceVersion "1"]
[SourceVersionDate "2023.10.10"]
[SourceQuality "1"]

1. d4 f5 2. g3 Nf6 3. Bg2 e6 4. Nf3 Be7 5. 0-0 0-0 6. c4 d6 7. Nc3 c6 8. Re1 Qc7 9. e4 fxe4 10. Nxe4 Nxe4 11. Rxe4 d5 12. cxd5 exd5 13. Re1 Bg4 14. Qd3 Bxf3 15. Bxf3 Bd6 16. Bd2 Nd7 17. Re6 Rf7 18. Bh5 Rf6 19. Rae1 Raf8 20. Rxf6 Nxf6 21. Bf3 Qd7 22. Bg5 Ng4 23. Qe2 Nf6 24. Qe6+ Qf7 25. Bxf6 Qxe6 26. Rxe6 Rxf6 27. Rxf6 gxf6 28. Bg4 Kf7 29. Bc8 Ke7 30. Bxb7 Kd7 31. Kg2 Kc7 32. Ba6 c5 33. dxc5 Bxc5 34. Bd3 h6 35. f4 Kc6 36. Kf3 a5 37. g4 Bd4 38. b3 Kc5 39. h4 Kb4 40. a4 Kxb3 41. Bb5 Kc3 42. Ke2 Bc5 43. g5 hxg5 44. hxg5 fxg5 1/2-1/2

[Event "Harstad op-A"]
[Site "Harstad"]
[Date "2013.10.11"]
[Round "2"]
[White "Larsen, Martin Halsvik"]
[Black "Voicu Jagodzinsky, Carmen"]
[Result "1-0"]
[WhiteElo "2036"]
[BlackElo "2316"]
[PlyCount "89"]
[EventDate "2013.10.11"]
[EventType "swiss"]
[EventRounds "6"]
[EventCountry "NOR"]
[SourceTitle "EXT 2015"]
[Source "ChessBase"]
[SourceDate "2014.11.20"]
[SourceVersion "1"]
[SourceVersionDate "2014.11.20"]
[SourceQuality "1"]

1. e4 c5 2. Nf3 e6 3. c3 d5 4. exd5 exd5 5. d4 Nc6 6. Bb5 Bd6 7. 0-0 Nge7 8. dxc5 Bxc5 9. Bf4 0-0 10. Bxc6 bxc6 11. Re1 Ng6 12. Bg3 f5 13. Be5 f4 14. b4 Bb6 15. Nbd2 Bg4 16. Qb3 Kh8 17. c4 Qd7 18. Qc3 Rae8 19. c5 Bd8 20. Bd4 Bf5 21. a4 Be4 22. b5 Rf7 23. b6 Nh4 24. Nxh4 Bxh4 25. Nf3 Bf6 26. Nd2 f3 27. gxf3 Bf5 28. Re3 Bg5 29. Rxe8+ Qxe8 30. Nf1 Re7 31. Ng3 Bg6 32. Kg2 h5 33. a5 h4 34. Nf1 Bf4 35. Ne3 a6 36. Ra2 h3+ 37. Kxh3 Bb1 38. Rb2 Qh5+ 39. Kg2 Bf5 40. Kf1 Qxf3 41. b7 Qh1+ 42. Ke2 Bg4+ 43. Kd3 Qf1+ 44. Kc2 Qxf2+ 45. Kb1 1-0

[Event "Samfunnsalen Blabyen Grand Prix"]
[Site "Samfunnsalen"]
[Date "2012.09.07"]
[Round "2"]
[White "Royset, Pal"]
[Black "Larsen, Martin Halsvik"]
[Result "0-1"]
[WhiteElo "2205"]
[BlackElo "2029"]
[PlyCount "84"]
[EventDate "2012.09.07"]
[EventType "swiss"]
[EventRounds "5"]
[EventCountry "NOR"]
[SourceTitle "EXT 2024"]
[Source "ChessBase"]
[SourceDate "2023.10.10"]
[SourceVersion "1"]
[SourceVersionDate "2023.10.10"]
[SourceQuality "1"]

1. e4 c5 2. Nf3 Nc6 3. Bb5 e6 4. Bxc6 bxc6 5. 0-0 d5 6. d3 Ne7 7. Nbd2 Ng6 8. b3 Bd6 9. Bb2 0-0 10. Re1 Qc7 11. c4 f6 12. Qc2 Rb8 13. Nb1 Bd7 14. Nc3 d4 15. Na4 e5 16. Ba3 Bg4 17. Nd2 Qe7 18. Nf1 Nf4 19. Qd2 h5 20. f3 Bd7 21. Rad1 f5 22. Ng3 h4 23. Nxf5 Bxf5 24. exf5 Rxf5 25. Qa5 Qg5 26. Qd2 Qg6 27. Kh1 Rg5 28. Rg1 Nh5 29. Rge1 Ng3+ 30. Kg1 Nf5 31. Re2 Ne3 32. Rde1 e4 33. dxe4 h3 34. g4 Rf8 35. Rxe3 Bf4 36. Bxc5 Bxe3+ 37. Rxe3 dxe3 38. Qe2 Qf6 39. Bxf8 Qa1+ 40. Qf1 Qxa2 41. Be7 Re5 42. Bd6 Qd2 0-1

[Event "Narvik Rallarsjakken A"]
[Site "Narvik"]
[Date "2012.04.20"]
[Round "3"]
[White "Solberg, Joachim Krokvik"]
[Black "Larsen, Martin Halsvik"]
[Result "1-0"]
[WhiteElo "2226"]
[BlackElo "2032"]
[PlyCount "59"]
[EventDate "2012.04.20"]
[EventType "swiss"]
[EventRounds "5"]
[EventCountry "NOR"]
[SourceTitle "EXT 2024"]
[Source "ChessBase"]
[SourceDate "2023.10.10"]
[SourceVersion "1"]
[SourceVersionDate "2023.10.10"]
[SourceQuality "1"]

1. e4 c5 2. Nf3 Nc6 3. d4 cxd4 4. Nxd4 e5 5. Nb5 a6 6. Nd6+ Bxd6 7. Qxd6 Qf6 8. Qd1 Nge7 9. Nc3 d6 10. Be3 0-0 11. Qd2 b5 12. 0-0-0 Rd8 13. Nd5 Qg6 14. f3 Nxd5 15. exd5 Ne7 16. g4 f5 17. Bd3 Qf7 18. Bg5 Rf8 19. Rhg1 f4 20. Be4 Bb7 21. Qd3 Ng6 22. h4 Rfe8 23. h5 Nf8 24. Bh4 Rac8 25. Bf2 Qc7 26. Bf5 Qc4 27. Bxc8 Rxc8 28. Qxc4 Rxc4 29. Rd3 Nd7 30. g5 1-0

[Event "NOR-chT 1011"]
[Site "Oslo"]
[Date "2011.01.23"]
[Round "6"]
[White "Dolzhikova, Olga"]
[Black "Larsen, Martin Halsvik"]
[Result "1-0"]
[WhiteElo "2278"]
[BlackElo "2123"]
[PlyCount "67"]
[EventDate "2010.11.05"]
[EventType "team-tourn"]
[EventRounds "9"]
[EventCountry "NOR"]
[SourceTitle "EXT 2012"]
[Source "ChessBase"]
[SourceDate "2011.11.24"]
[SourceVersion "1"]
[SourceVersionDate "2011.11.24"]
[SourceQuality "1"]
[WhiteTeam "Akademisk"]
[BlackTeam "Trondheim"]
[WhiteTeamCountry "NOR"]
[BlackTeamCountry "NOR"]

1. e4 c5 2. c3 Nf6 3. e5 Nd5 4. d4 cxd4 5. Nf3 e6 6. cxd4 b6 7. Nc3 Nxc3 8. bxc3 Be7 9. d5 exd5 10. Qxd5 Nc6 11. Bf4 Bb7 12. Rd1 Na5 13. Qd2 Bc6 14. Nd4 Ba4 15. Rc1 0-0 16. Bd3 g6 17. 0-0 a6 18. Bh6 Re8 19. Qf4 Nc6 20. Bc4 Rf8 21. Bxf8 Qxf8 22. Bd5 Rc8 23. Rfe1 Nd8 24. Nf5 Bc6 25. Bxc6 Rxc6 26. Nh6+ Kh8 27. Ng4 Ne6 28. Qf3 Qc8 29. Qxf7 Rxc3 30. Rxc3 Qxc3 31. Rd1 Qc2 32. Ne3 Qc5 33. Rxd7 Nf8 34. Rxe7 1-0

[Event "NOR-chT 1011"]
[Site "Oslo"]
[Date "2010.11.06"]
[Round "2"]
[White "Larsen, Martin Halsvik"]
[Black "Hagen, Anders Gjerdrum"]
[Result "1/2-1/2"]
[WhiteElo "2123"]
[BlackElo "2084"]
[PlyCount "71"]
[EventDate "2010.11.05"]
[EventType "team-tourn"]
[EventRounds "9"]
[EventCountry "NOR"]
[SourceTitle "EXT 2011"]
[Source "ChessBase"]
[SourceDate "2010.11.26"]
[SourceVersion "1"]
[SourceVersionDate "2010.11.26"]
[SourceQuality "1"]
[WhiteTeam "Trondheim"]
[BlackTeam "Moss"]
[WhiteTeamCountry "NOR"]
[BlackTeamCountry "NOR"]

1. e4 c5 2. Nf3 Nc6 3. d4 cxd4 4. Nxd4 Nf6 5. Nc3 d6 6. Nxc6 bxc6 7. Be2 e6 8. 0-0 Be7 9. Bf4 e5 10. Bg3 0-0 11. h3 Be6 12. Qd3 Qb6 13. Kh2 Rad8 14. b3 Nd7 15. Na4 Qb7 16. f4 exf4 17. Bxf4 Ne5 18. Qe3 Bf6 19. Rad1 Qe7 20. Kh1 Rfe8 21. c4 c5 22. Qg3 Bc8 23. Nc3 Bb7 24. Nd5 Bxd5 25. Rxd5 Bh4 26. Qh2 Bg5 27. g3 Bxf4 28. gxf4 Nc6 29. Bf3 Nd4 30. Bg2 f6 31. e5 dxe5 32. fxe5 fxe5 33. Rxd8 Qxd8 34. Bd5+ Kh8 35. Qg3 Rf8 36. Qxe5 1/2-1/2

[Event "Arctic Chess Challenge"]
[Site "Tromsoe"]
[Date "2010.08.07"]
[Round "8"]
[White "Karlsen, Sverre Johan"]
[Black "Larsen, Martin Halsvik"]
[Result "0-1"]
[WhiteElo "2050"]
[BlackElo "2178"]
[PlyCount "138"]
[EventDate "2010.07.31"]
[EventType "swiss"]
[EventRounds "9"]
[EventCountry "NOR"]
[SourceTitle "CBM 137 Extra"]
[Source "ChessBase"]
[SourceDate "2010.09.01"]
[SourceVersion "1"]
[SourceVersionDate "2010.09.01"]
[SourceQuality "1"]

1. c4 Nf6 2. g3 c5 3. Bg2 Nc6 4. Nf3 g6 5. 0-0 Bg7 6. Nc3 d6 7. d4 cxd4 8. Nxd4 Bd7 9. Nc2 0-0 10. Bg5 Qa5 11. Qd2 Ne5 12. Nd5 Qxd2 13. Nxe7+ Kh8 14. Bxd2 Nxc4 15. Bc3 Rfe8 16. Nd5 Nxd5 17. Bxd5 Bxc3 18. bxc3 Nb6 19. Bf3 Rac8 20. Nd4 d5 21. Rfc1 Rc4 22. Nb3 Rec8 23. Na5 R4c7 24. Kg2 Be6 25. e3 Na4 26. Nb3 Nxc3 27. Nd4 b5 28. Rc2 a5 29. Rb2 Rb8 30. h4 Rc4 31. h5 a4 32. a3 Kg7 33. Nc2 Bf5 34. Nb4 Rd8 35. Rd2 g5 36. Rd4 Rxd4 37. exd4 g4 38. Bd1 Re8 39. Kf1 Bb1 40. Bxg4 Re4 41. Bf3 Rxd4 42. Kg2 Be4 43. Rc1 Bxf3+ 44. Kxf3 Nd1 45. Rc5 Rd2 46. Nxd5 Rd3+ 47. Kf4 Rxa3 48. Ne7 Kf6 49. Nf5 Rc3 50. Rxb5 Rc4+ 51. Kf3 a3 52. Ra5 Nb2 53. Ne3 Ra4 54. Rxa4 Nxa4 55. Nc2 a2 56. Kf4 Nc5 57. Na1 Ne6+ 58. Kg4 Ke5 59. f4+ Ke4 60. f5 Nd4 61. Kg5 Nxf5 62. g4 Ne3 63. Kf6 Nxg4+ 64. Kxf7 Kf5 65. h6 Nxh6+ 66. Kg7 Ng4 67. Kxh7 Ne3 68. Kg7 Ke5 69. Kg6 Kd4 0-1

[Event "Arctic Chess Challenge"]
[Site "Tromsoe"]
[Date "2010.08.06"]
[Round "7"]
[White "Larsen, Martin Halsvik"]
[Black "Westerinen, Heikki MJ"]
[Result "0-1"]
[WhiteElo "2178"]
[BlackElo "2347"]
[PlyCount "86"]
[EventDate "2010.07.31"]
[EventType "swiss"]
[EventRounds "9"]
[EventCountry "NOR"]
[SourceTitle "CBM 137 Extra"]
[Source "ChessBase"]
[SourceDate "2010.09.01"]
[SourceVersion "1"]
[SourceVersionDate "2010.09.01"]
[SourceQuality "1"]

1. e4 e6 2. d4 d5 3. e5 Bd7 4. Bd3 a6 5. Ne2 Bb5 6. b3 Bxd3 7. Qxd3 c5 8. c3 Nc6 9. 0-0 Rc8 10. Be3 Nge7 11. Nd2 Nf5 12. Nf3 cxd4 13. Nexd4 Nfxd4 14. Bxd4 Ba3 15. Rab1 Nxd4 16. cxd4 Qc7 17. b4 Qc3 18. Qd1 Qc2 19. Nd2 Qxd1 20. Rfxd1 Kd7 21. Rb3 Bc1 22. Nb1 Rc2 23. g3 Rhc8 24. a4 Rb2 25. Rf3 Ke7 26. Nc3 Bd2 27. Ne2 Rc4 28. Nf4 Bxf4 29. Rxf4 Rcxb4 30. Rd3 R2b3 31. Rff3 Rxd3 32. Rxd3 Rxa4 33. Rc3 Rc4 34. Rb3 b5 35. Ra3 Rc6 36. Kf1 b4 37. Ra1 Kd7 38. Ke1 Kc7 39. Ra4 b3 40. Kd2 b2 41. Rb4 Rb6 42. Rxb6 Kxb6 43. Kc2 Kb5 0-1

[Event "Arctic Chess Challenge"]
[Site "Tromsoe"]
[Date "2010.08.03"]
[Round "4"]
[White "Monsoy, Arild Edin"]
[Black "Larsen, Martin Halsvik"]
[Result "0-1"]
[WhiteElo "1961"]
[BlackElo "2178"]
[PlyCount "113"]
[EventDate "2010.07.31"]
[EventType "swiss"]
[EventRounds "9"]
[EventCountry "NOR"]
[SourceTitle "CBM 137 Extra"]
[Source "ChessBase"]
[SourceDate "2010.09.01"]
[SourceVersion "1"]
[SourceVersionDate "2010.09.01"]
[SourceQuality "1"]

1. c4 Nf6 2. Nc3 c5 3. d3 g6 4. e4 d6 5. g3 Nc6 6. h3 Bg7 7. Bg2 Be6 8. Nge2 Qd7 9. Nf4 Ne5 10. 0-0 0-0 11. Kh2 a6 12. a4 Rab8 13. Be3 b6 14. Nxe6 Qxe6 15. Qd2 h5 16. f4 h4 17. fxe5 Nh5 18. exd6 Qxd6 19. Rf3 Be5 20. Kg1 Bxg3 21. Ne2 Rbd8 22. Nxg3 Nxg3 23. Rd1 Qe6 24. Rf2 f6 25. Bf4 Nh5 26. Bh2 Kg7 27. Qe2 Rd4 28. Qg4 Qxg4 29. hxg4 Ng3 30. Bxg3 hxg3 31. Rf3 Rfd8 32. Rff1 Rxd3 33. Rxd3 Rxd3 34. Rf3 Rd1+ 35. Rf1 Rd2 36. Rb1 Rc2 37. b3 Kh6 38. e5 f5 39. gxf5 gxf5 40. Rd1 Re2 41. Rd5 Kg5 42. a5 bxa5 43. Rxc5 Kg4 44. Rd5 Re1+ 45. Bf1 f4 46. Rd4 Rxe5 47. Kg2 Re3 48. c5 e5 49. Rc4 e4 50. c6 f3+ 51. Kg1 g2 52. Kf2 Re1 53. Bxg2 Re2+ 54. Kg1 Kg3 55. Rc3 Re1+ 56. Bf1 e3 57. c7 0-1

[Event "Arctic Chess Challenge"]
[Site "Tromsoe"]
[Date "2010.08.01"]
[Round "2"]
[White "Tocklin, Tomi"]
[Black "Larsen, Martin Halsvik"]
[Result "1-0"]
[WhiteElo "1885"]
[BlackElo "2178"]
[PlyCount "97"]
[EventDate "2010.07.31"]
[EventType "swiss"]
[EventRounds "9"]
[EventCountry "NOR"]
[SourceTitle "CBM 137 Extra"]
[Source "ChessBase"]
[SourceDate "2010.09.01"]
[SourceVersion "1"]
[SourceVersionDate "2010.09.01"]
[SourceQuality "1"]

1. e4 c5 2. Nf3 d6 3. Bb5+ Bd7 4. Bxd7+ Qxd7 5. 0-0 Nc6 6. c3 e6 7. d4 cxd4 8. cxd4 d5 9. exd5 exd5 10. Re1+ Be7 11. Ne5 Nxe5 12. dxe5 Bc5 13. Nc3 0-0-0 14. Bf4 Ne7 15. Rc1 Nc6 16. Nb5 Bb6 17. Qa4 Qg4 18. h3 Qf5 19. Nd6+ Rxd6 20. exd6 Kd8 21. Bg3 Qg6 22. Bh4+ f6 23. Rxc6 bxc6 24. Qxc6 Re8 25. Qa8+ Kd7 26. Rxe8 Qxe8 27. Qxd5 Qe6 28. Qxe6+ Kxe6 29. Bg3 Kd5 30. Kf1 h6 31. f3 a6 32. Ke2 g5 33. Bf2 Bd8 34. Kd3 Kxd6 35. Ke4 Ke6 36. g4 Be7 37. Be1 Bc5 38. b4 Bb6 39. a4 Bc7 40. b5 axb5 41. axb5 Bb6 42. Bc3 Bc7 43. Bd4 Bb8 44. Bc5 h5 45. Be3 hxg4 46. hxg4 Bd6 47. Bd4 Bc7 48. b6 Bb8 49. b7 1-0

[Event "Harstad op-A"]
[Site "Harstad"]
[Date "2006.10.14"]
[Round "2"]
[White "Larsen, Martin Halsvik"]
[Black "Vik Hansen, Rune"]
[Result "0-1"]
[WhiteElo "1551"]
[BlackElo "1735"]
[PlyCount "108"]
[EventDate "2006.10.13"]
[EventType "swiss"]
[EventRounds "5"]
[EventCountry "NOR"]
[SourceTitle "EXT 2008"]
[Source "ChessBase"]
[SourceDate "2007.11.25"]
[SourceVersion "1"]
[SourceVersionDate "2007.11.25"]
[SourceQuality "1"]

1. e4 c5 2. c3 Nf6 3. e5 Nd5 4. Nf3 e6 5. Na3 d6 6. d4 cxd4 7. Qxd4 a6 8. Nc4 Nc6 9. Qd1 dxe5 10. Ncxe5 Nxe5 11. Nxe5 Qc7 12. Nf3 Bd7 13. Be2 Be7 14. 0-0 0-0 15. Rb1 Rad8 16. c4 Nf4 17. Bxf4 Qxf4 18. Qd2 Qc7 19. b4 e5 20. Qe3 Bf5 21. Rb2 Bf6 22. Rd2 e4 23. Nd4 Bg6 24. Nb3 Rxd2 25. Qxd2 Rd8 26. Qe3 Be5 27. f4 exf3 28. Bxf3 Bxh2+ 29. Kh1 Bf4 30. Qc5 Qd7 31. Bd5 Qg4 32. Rf3 Qh4+ 33. Rh3 Qe1+ 34. Qg1 Qxb4 35. Qf2 Be5 36. Re3 Bf6 37. Qe2 Kf8 38. Nd2 b5 39. a3 Qd6 40. Ne4 Bxe4 41. Rxe4 bxc4 42. Bxc4 Qxa3 43. Qh5 Qa1+ 44. Kh2 g6 45. Qc5+ Kg7 46. Qc7 Rg8 47. g3 a5 48. Re2 h5 49. Rf2 h4 50. Kg2 hxg3 51. Qxg3 Rh8 52. Rf1 Qb2+ 53. Rf2 Qc1 54. Bf1 Rh5 0-1